000 00486nam a2200181Ia 4500
005 20250423100232.0
008 250422s9999 xx 000 0 und d
020 _a0-03-098337-1
050 _aQA 371 .A16/
100 _aMartha L. Abell
245 0 _aModern Differential Equations: Theory, Applications, Technology
260 _aNew York
260 _bSauders College Publishing
260 _c1996
300 _a569 p
650 _aModern Differential Equations:
942 _cBK
999 _c32691
_d32691